• 首页
  • 本馆介绍
  • 公告通知
  • 最新文献
  • 馆藏检索
  • 电子资源
  • 读者导购
  • 参考咨询
  • 我的图书馆
  • 登录
  • 详细信息显示
  • 放入我的书架
  • 预约/预借图书
  • 作者相关作品
  • 分类相关作品
  • 丛书相关作品
  • 出版社相关作品

书目信息

  • 表格格式
  • 工作单格式
  • 卡片格式
题名:
因子临界图=FACTOR cRITICAL Graphs
    
 
作者: 周思中
分册:  
出版信息: 武汉   华中科技大学出版社  2015.09
页数: 161页
开本: 20cm
丛书名:
单 册:
中图分类: O157.5
科图分类:
主题词: 代数 , 数论 , 组合数学
电子资源:
ISBN: 7-5680-1261-1
000 00659nam0 2200229 450
001 1766
005 20161130162951.39
010    @a7-5680-1261-1@dCNY32.00
100    @a20150807d2015 km y0chiy0120 ea
101 0  @achi
102    @aCN@b420000
200 1  @a因子临界图=FACTOR cRITICAL Graphs@Ayin zi lin jie tu=FACTOR cRITICAL Graphs@f周思中@Fzhou si zhong
210    @a武汉@c华中科技大学出版社@d2015.09
215    @a161页@d20cm
330    @a图论·英文
606 0  @a代数
606 0  @a数论
606 0  @a组合数学
690    @aO157.5@v4
701  0 @a周思中@Azhou si zhong
801  0 @aCN@b大连网信软件有限公司图书馆·11@c20161130
905    @aZUCC@dO157.5@e105
    
    因子临界图=FACTOR cRITICAL Graphs/周思中.-武汉:华中科技大学出版社,2015.09
    161页;20cm
    
    
    ISBN 7-5680-1261-1:CNY32.00
    图论·英文
●
相关链接 在E读中查询图书 在五车中查询图书 在当当中查询图书 在豆瓣中查询图书


正题名:因子临界图=FACTOR cRITICAL Graphs     索取号:O157.5/105         预约/预借

序号 登录号 条形码 馆藏地/架位号 状态 备注
1 909896   209098965   第二样本阅览室/ [索取号:O157.5/105] 在馆    
2 909897   209098974   第三借阅区/ [索取号:O157.5/105] 在馆    
3 909898   209098983   第三借阅区/ [索取号:O157.5/105] 在馆    
4 909899   209098992   第三借阅区/ [索取号:O157.5/105] 在馆    
5 909900   209099009   数信系资料室/ [索取号:O157.5/105] 在馆    
唐山师范学院图书馆 欢迎您!
大连网信软件有限公司© 版权所有